Russkij jazyk v rynočnoj ekonomike
Gespeichert in:
| 1. Verfasser: | |
|---|---|
| Körperschaft: | |
| Weitere Verfasser: | , |
| Format: | Buch |
| Sprache: | Russisch Slowakisch |
| Veröffentlicht: |
Bratislava
VŠE
1992
|
| Schlagworte: | |
| Tags: |
Keine Tags, Fügen Sie das erste Tag hinzu!
|
MARC
| LEADER | 00000nam a2200000 4500 | ||
|---|---|---|---|
| 001 | c000769 | ||
| 005 | 20260325092647.8 | ||
| 020 | |a 80-225-0343-6 | ||
| 041 | 0 | |a rus | |
| 041 | 0 | |a slo | |
| 044 | |a SK | ||
| 245 | 1 | 0 | |a Russkij jazyk v rynočnoj ekonomike |c Valentína Šebestová, Katarína Strelková, Mária Hrušková |
| 264 | 1 | |a Bratislava |b VŠE |c 1992 | |
| 300 | |a 180 s. | ||
| 610 | 2 | 0 | |a jazykoveda |
| 610 | 2 | 0 | |a hospodárstvo trhové |
| 100 | 1 | |a Šebestová, Valentína Petrovna | |
| 700 | 1 | |a Strelková, Katarína | |
| 700 | 1 | |a Hrušková, Mária | |
| 710 | 2 | |a Vysoká škola ekonomická v Bratislave. Ústav jazykov | |